| 000 | 00658nam a2200253Ia 4500 | ||
|---|---|---|---|
| 001 | 20921 | ||
| 005 | 20240114000537.0 | ||
| 007 | ta | ||
| 008 | 060228s1986 g b000 u 465 u | ||
| 020 | _a0-87692-457-7 | ||
| 040 | _aCotton College,Assam | ||
| 041 | _a465 | ||
| 082 |
_a532 _bMo 725 Fl |
||
| 100 | _aMohanty, A.K.. | ||
| 245 | 0 |
_aFluid Mechanics / _cA.K.Mohanty. _hTextual Documents |
|
| 250 | _a1st ed. / | ||
| 260 |
_aNew Delhi : _bPrentice-Hall of India(Pvt Ltd) , _cC1986. |
||
| 300 |
_a426p. ; _c23cm. |
||
| 653 | _aFluid Mechanics | ||
| 653 | _aG-Physics | ||
| 942 |
_2ddc _cBK |
||
| 999 |
_c20903 _d20903 |
||